[Event "POL Region-ch U15"]
[Site "Lochow"]
[Date "2010.10.24"]
[Round "1.4"]
[White "Prazmowski, Bartosz"]
[Black "Kotlewski, Lukasz"]
[Result "1-0"]
[WhiteElo "1870"]
[BlackElo "1669"]
[PlyCount "65"]
[EventDate "2010.10.23"]
[EventType "tourn"]
[EventRounds "9"]
[EventCountry "POL"]
[SourceTitle "EXT 2023"]
[Source "ChessBase"]
[SourceDate "2022.10.05"]
[SourceVersion "1"]
[SourceVersionDate "2022.10.05"]
[SourceQuality "1"]

1. d4 Nf6 2. c4 g6 3. Nc3 Bg7 4. e4 d6 5. Nf3 0-0 6. Be2 Nbd7 7. 0-0 c5 8. d5 Nb6 9. a4 a6 10. Re1 Rb8 11. Bf1 Bg4 12. h3 Bxf3 13. Qxf3 Nfd7 14. a5 Na8 15. Qd3 Nc7 16. f4 f5 17. exf5 Rxf5 18. Be2 Bd4+ 19. Kh1 Rf8 20. Bg4 Nf6 21. Be6+ Nxe6 22. Rxe6 Nh5 23. Ne2 Bf6 24. g4 Ng7 25. Re3 Ne8 26. Qe4 Rf7 27. Ng3 Ng7 28. Rf3 Qd7 29. f5 gxf5 30. Nxf5 Re8 31. Nh6+ Kf8 32. Qxh7 e5 33. Qg8+ 1-0